LEADER 01133nam0-22003131--450- 001 990008242500403321 005 20051207123710.0 020 $aIT$bS9-8344 035 $a000824250 035 $aFED01000824250 035 $a(Aleph)000824250FED01 035 $a000824250 100 $a20051207d1979----km-y0itay50------ba 101 0 $aita 102 $aIT 105 $ay---n---001yy 200 1 $aRaccolta di sentenze amministrative ed ordinarie per la consultazione immediata ad uso degli amministratori e dei funzionari degli enti locali e delle istituzioni sanitarie$fa cura di Luciano Taddei 210 $aRoma$cRagno$d1979 215 $a2 v. (2392 p. compless.)$d22 cm 676 $a342$v12 rid.$zita 702 1$aTaddei,$bLuciano 801 0$aIT$bUNINA$gRICA$2UNIMARC 901 $aBK 912 $a990008242500403321 952 $aVI M 3 (1)$b2948A$fDDA 952 $aVI M 3 (2)$b2948B$fDDA 959 $aDDA 996 $aRaccolta di sentenze amministrative ed ordinarie per la consultazione immediata ad uso degli amministratori e dei funzionari degli enti locali e delle istituzioni sanitarie$9737215 997 $aUNINA LEADER 01164nam 2200313Ia 450 001 996397422003316 005 20200818211116.0 035 $a(CKB)4940000000055346 035 $a(EEBO)2248495796 035 $a(OCoLC)ocm11225456e 035 $a(OCoLC)11225456 035 $a(EXLCZ)994940000000055346 100 $a19841003d1692 uy | 101 0 $aeng 135 $aurbn||||a|bb| 200 10$aSermons preached by Dr. Robert Leighton, late archbishop of Glasgow$b[electronic resource] $epublished at the desire of his friends, after his death, from his papers written with his own hand 210 $aLondon $cPrinted for S.K. and are to be sold by Awnsham and John Churchill ...$dMDCXCII [1692] 215 $a[12], 322 p 300 $aReproduction of the original in the Harvard University Library. 330 $aeebo-0062 606 $aSermons, English$y17th century 615 0$aSermons, English 700 $aLeighton$b Robert$f1611-1684.$01003492 801 1$bEAE 801 2$bWaOLN 906 $aBOOK 912 $a996397422003316 996 $aSermons preached by Dr. Robert Leighton, late Archbishop of Glasgow$92340697 997 $aUNISA